Občanský zákoník. Úplné znění s výkladem a poznámkami. 3.

Dokončenie časti osem. Časť deviata: Záverečné, prechodné a zrušovacie ustanovenia.

Salvato in:
Dettagli Bibliografici
Autore principale: Jehlička, O.
Natura: Capitolo di libro
Lingua:ceco
Soggetti:
Tags: Aggiungi Tag
Nessun Tag, puoi essere il primo ad aggiungerne!!

MARC

LEADER 00000naa a2200000 4500
001 r009891
005 20220831083902.6
041 0 |a cze 
044 |a [CS] 
245 1 0 |a Občanský zákoník.  |b Úplné znění s výkladem a poznámkami. 3.  |c O. Jehlička 
520 |a Dokončenie časti osem. Časť deviata: Záverečné, prechodné a zrušovacie ustanovenia. 
610 2 0 |a zákonník občiansky 
610 2 0 |a ČSFR 
100 1 |a Jehlička, O.